| 000 | 00000nam##2200000za#4500 |
| 001 | 9.645242 |
| 003 | CaOODSP |
| 005 | 20241127112815 |
| 007 | ta |
| 008 | 150407|1992||||xxc||||| f|0| 0 eng|d |
| 020 | |a0-919574-29-7 |
| 040 | |aCaOODSP|beng |
| 043 | |an-cn--- |
| 086 | 1 |aEn56-74/1992E |
| 110 | 1 |aCanada. |bAtmospheric Environment Service. |
| 245 | 10|aWest coast marine weather hazards manual : |ba guide to local forecasts and conditions / |cPrepared by Seaconsult, Vancouver. Edited by Marianne Pengelly, Eldon Oja, and Owen Lange. |
| 250 | |a2nd edition. |
| 260 | |aVancouver - British Columbia : |bEnvironment Canada. |c1992. |
| 300 | |a141p. : |bfigs., maps, references, tables ; |c23 cm. |
| 500 | |a"Designed to help all mariners get the most out of Environment Canada's marine weather forecasts. It is not intended to be a textbook on marine meteorology but rather a clear, practical introduction to the local marine weather hazards on the West Coast. This manual describes the different ways that storms approach the coast and how the strong winds, high seas and weather which result from these storms, are modified by various coastal effects. Chapter six of the manual considers the specific areas which are known for marine weather related hazards."--Page 7. Co-published by Gordon Soules Book Publishers Ltd. in cooperation with Environment Canada and the Canada Communication Group -- Publishing, Supply and Services Canada. N.B.: Incorrect catalogue number (EN56-74-1990E) printed in this publication. |
| 520 | 3 |aDesigned to help all mariners get the most out of Environment Canada's marine weather forecasts. It is not intended to be a textbook on marine meteorology but rather a clear, practical introduction to the local marine weather hazards on the West Coast. This manual describes the different ways that storms approach the coast and how the strong winds, high seas and weather which result from these storms, are modified by various coastal effects. Chapter six of the manual considers the specific areas which are known for marine weather related hazards.--Page 7 |
| 563 | |aSpiral binding |
| 590 | |a93-35|b1993-09-03 |
| 690 | 07|aWeather|2gcpds |
| 690 | 07|aMeteorology|2gcpds |
| 690 | 07|aMarine safety|2gcpds |
| 720 | 1 |aPengelly, Marianne |
| 720 | 1 |aOja, Eldon |
| 720 | 1 |aLange, Owen |